• 首页
  • 本馆介绍
  • 公告通知
  • 最新文献
  • 馆藏检索
  • 电子资源
  • 读者导购
  • 参考咨询
  • 我的图书馆
  • 登录
  • 详细信息显示
  • 放入我的书架
  • 预约/预借图书
  • 作者相关作品
  • 分类相关作品
  • 丛书相关作品
  • 出版社相关作品

书目信息

  • 表格格式
  • 工作单格式
  • 卡片格式
题名:
电机拖动与电控技术
    
 
作者: 程周 主编
分册:  
出版信息: 北京   电子工业出版社  2010.12
页数: 242页
开本: 26cm
丛书名:
单 册:
中图分类: TM30 , TM3
科图分类:
主题词: 电机
电子资源:
ISBN: 978-7-121-03779-5
000 00631nam0 2200229 450
001 1137203640
005 20110610102414.71
010    @a978-7-121-03779-5@dCNY22.00
100    @a20110610d2010 km y0chiy0120 ea
101 0  @achi
102    @aCN@b110000
200 1  @a电机拖动与电控技术@Adian ji tuo dong yu dian kong ji shu@f程周主编@Fcheng zhou zhu bian
205    @a2版
210    @a北京@c电子工业出版社@d2010.12
215    @a242页@d26cm
300    @a中等职业学校教学用书
606 0  @a电机
690    @aTM30@v5
690    @aTM3@v5
701  0 @a程周@Acheng zhou@4主编
801  0 @aCN@bNISOFT@c20110610
905    @aBZT@dTM3@e21
    
    电机拖动与电控技术/程周主编.-2版.-北京:电子工业出版社,2010.12
    242页;26cm
    中等职业学校教学用书
    
    ISBN 978-7-121-03779-5:CNY22.00
    
●
相关链接 在五车中查询图书 在当当中查询图书 在豆瓣中查询图书


正题名:电机拖动与电控技术     索取号:TM3/21         预约/预借

序号 登录号 条形码 馆藏地/架位号 状态 备注
1 791552   2000791552   样本书库/样005架B面2层2列/ [索取号:TM3/21] 在馆    
2 791553   2000791553   中心书库中库/ 中库029架A面1列4层45/ [索取号:TM3/21] 在馆    
3 791554   2000791554   中心书库中库/ 中库029架A面1列4层49/ [索取号:TM3/21] 在馆    
4 791555   2000791555   中心书库中库/ 中库029架A面1列4层46/ [索取号:TM3/21] 在馆    
5 791556   2000791556   中心书库中库/ 中库029架A面1列4层47/ [索取号:TM3/21] 在馆    
6 791557   2000791557   中心书库中库/ 中库029架A面1列4层48/ [索取号:TM3/21] 在馆    
山东省滨州职业学院图书馆 欢迎您!
大连网信软件有限公司© 版权所有